Handbook of research methods and applications in empirical macroeconomics / (Record no. 10450)

MARC details
000 -LEADER
fixed length control field 00707nam a22002052 4500
001 - CONTROL NUMBER
control field 0000025119
005 - DATE AND TIME OF LATEST TRANSACTION
control field 20151217152308.0
008 - FIXED-LENGTH DATA ELEMENTS--GENERAL INFORMATION
fixed length control field 141204s xx 000 0 eng d
020 ## - INTERNATIONAL STANDARD BOOK NUMBER
International Standard Book Number 0857931016 :
040 ## - CATALOGING SOURCE
Original cataloging agency KABU
Transcribing agency KABU
245 10 - TITLE STATEMENT
Title Handbook of research methods and applications in empirical macroeconomics /
Statement of responsibility, etc. edited by Nigar Hashimzade, Michael A. Thornton.
260 ## - PUBLICATION, DISTRIBUTION, ETC. (IMPRINT)
Place of publication, distribution, etc. Cheltenham :
Name of publisher, distributor, etc. Edward Elgar,
Date of publication, distribution, etc. 2013.
300 ## - PHYSICAL DESCRIPTION
Extent xii, 614 p.
650 #0 - SUBJECT ADDED ENTRY--TOPICAL TERM
Topical term or geographic name as entry element Macroeconomics
General subdivision methodology.
-- 0000150253
700 1# - ADDED ENTRY--PERSONAL NAME
Personal name Hashimzade, Nigar.
-- 0000181632
700 1# - ADDED ENTRY--PERSONAL NAME
Personal name Thornton, Michael A.
-- 0000185514
852 1# - LOCATION
-- p33,408 KES
908 ## - PUT COMMAND PARAMETER (RLIN)
Put command parameter 141204
950 ## - LOCAL HOLDINGS (RLIN)
-- 1
Holdings
Withdrawn status Lost status Source of classification or shelving scheme Not for loan Home library Current library Date acquired Total Checkouts Full call number Barcode Date last seen Date last checked out Price effective from Koha item type
    Library of Congress Classification   Kabarak, Main Campus Kabarak, Main Campus 17/12/2015 1 HB172.5 .H36 2013 c. 1 017293 02/08/2024 25/03/2019 17/12/2015 General Collection
Designed with assistance from East African Informatics Ltd